[Event "I Torneo lento Villa de La Zubia 2011"]
[Site "La Zubia ESP"]
[Date "2011.12.03"]
[Round "1.2"]
[White "Bueno Jimenez, David"]
[Black "Ortiz Gomez, Jose Manuel"]
[Result "1-0"]
[WhiteElo "1907"]
[BlackElo "1315"]
[PlyCount "87"]
[EventDate "2011.12.03"]
[EventType "swiss"]
[EventRounds "6"]
[EventCountry "ESP"]
[Source "lmi"]
[SourceDate "2011.12.03"]

1. d4 d5 2. c4 Nc6 3. cxd5 Qxd5 4. Nf3 h6 5. Nc3 Qd8 6. e4 Bg4 7. Be3 e6 8. Qa4
a6 9. Ne5 b5 10. Bxb5 axb5 11. Qxb5 Bd6 12. Qxc6+ Kf8 13. Nxg4 Ne7 14. Qc4 Rb8
15. Rb1 Qd7 16. Ne5 Qc8 17. Nb5 f6 18. Nxd6 cxd6 19. Qxc8+ Rxc8 20. Nd3 Kf7 21.
O-O Ra8 22. a3 Ra4 23. Rbc1 Kg6 24. Rc7 Nc8 25. Nf4+ Kh7 26. Nxe6 Rg8 27. Rfc1
Nb6 28. d5 Na8 29. R7c4 Ra5 30. Rc8 g5 31. Rxg8 Kxg8 32. f3 Kf7 33. Rc3 Rb5 34.
b4 Nb6 35. Rc7+ Ke8 36. Rb7 Nc4 37. Rxb5 Nxe3 38. a4 Nd1 39. a5 Nc3 40. Rb8+
Kd7 41. a6 Ne2+ 42. Kf1 Nf4 43. a7 Nxe6 44. Rb7+ 1-0

[Event "I Torneo lento Villa de La Zubia 2011"]
[Site "La Zubia ESP"]
[Date "2011.12.03"]
[Round "1.3"]
[White "Ortiz Del Campo, David"]
[Black "Ramirez Morales, Eduardo"]
[Result "1/2-1/2"]
[WhiteElo "1244"]
[BlackElo "1608"]
[PlyCount "103"]
[EventDate "2011.12.03"]
[EventType "swiss"]
[EventRounds "6"]
[EventCountry "ESP"]
[Source "lmi"]
[SourceDate "2011.12.03"]

1. e4 c5 2. Bc4 Nc6 3. Nf3 d6 4. a3 Nf6 5. d3 a6 6. Nc3 b5 7. Ba2 Bb7 8. Bf4 e6
9. O-O Be7 10. Qe2 Qd7 11. e5 dxe5 12. Bxe5 Nxe5 13. Nxe5 Qc8 14. Rad1 O-O 15.
d4 cxd4 16. Rxd4 Bc5 17. Rd2 Qc7 18. Rfd1 Bc6 19. b4 Be7 20. Rd4 Kh8 21. Nxc6
Qxc6 22. Ne4 Rad8 23. Nxf6 Bxf6 24. Rxd8 Rxd8 25. Rxd8+ Bxd8 26. Qd3 Bf6 27.
Qg3 g6 28. Qf3 Qxf3 29. gxf3 Bb2 30. c4 Bxa3 31. cxb5 axb5 32. Bb1 Bxb4 33. Bd3
e5 34. Bxb5 f5 35. Bd3 Kg7 36. Kg2 Kf6 37. Kh3 Bc5 38. Kg2 Kg5 39. h3 Kf4 40.
Bb1 g5 41. Ba2 e4 42. fxe4 Kxe4 43. Bb1+ Ke5 44. f3 Kf4 45. Bd3 h5 46. Bc2 Bd6
47. Bd1 Ke3 48. Bc2 g4 49. fxg4 fxg4 50. hxg4 hxg4 51. Bf5 g3 52. Bc8 1/2-1/2

[Event "I Torneo lento Villa de La Zubia 2011"]
[Site "La Zubia ESP"]
[Date "2011.12.04"]
[Round "2.1"]
[White "Jimenez Melguizo, Miguel"]
[Black "Rojas Guerrero, Luis"]
[Result "1-0"]
[WhiteElo "1950"]
[BlackElo "1697"]
[PlyCount "55"]
[EventDate "2011.12.03"]
[EventType "swiss"]
[EventRounds "6"]
[EventCountry "ESP"]
[Source "lmi"]
[SourceDate "2011.12.03"]

1. d4 d5 2. Nf3 Nf6 3. Bg5 Ne4 4. Bf4 Bg4 5. Nbd2 Nxd2 6. Qxd2 Bxf3 7. gxf3 e6
8. e4 Bd6 9. e5 Be7 10. Rg1 g6 11. Bh6 Rg8 12. O-O-O c5 13. f4 cxd4 14. f5 Nc6
15. fxe6 f5 16. exf6 Bxf6 17. f4 Qa5 18. Qxa5 Nxa5 19. Bg5 Ke7 20. Rxd4 Kxe6
21. Bh3+ Kf7 22. Rxd5 Bxg5 23. fxg5 Nc6 24. Rd7+ Ne7 25. Re1 Rge8 26. Be6+ Kf8
27. Rf1+ Nf5 28. Rf7+ 1-0

[Event "I Torneo lento Villa de La Zubia 2011"]
[Site "La Zubia ESP"]
[Date "2011.12.04"]
[Round "2.2"]
[White "Munoz Berenguer, Miguel"]
[Black "Bueno Jimenez, David"]
[Result "1/2-1/2"]
[WhiteElo "1591"]
[BlackElo "1907"]
[PlyCount "38"]
[EventDate "2011.12.03"]
[EventType "swiss"]
[EventRounds "6"]
[EventCountry "ESP"]
[Source "lmi"]
[SourceDate "2011.12.03"]

1. e4 c5 2. Nc3 Nc6 3. g3 Nf6 4. Bg2 d6 5. h3 e6 6. f4 Be7 7. Nf3 Nh5 8. Ne2 f5
9. d3 e5 10. fxe5 dxe5 11. exf5 O-O 12. Be3 Nd4 13. Nfxd4 exd4 14. Bf2 Rxf5 15.
g4 Rxf2 16. Kxf2 Bh4+ 17. Kg1 Qe7 18. gxh5 Qe3+ 19. Kh2 Qe5+ 1/2-1/2

[Event "I Torneo lento Villa de La Zubia 2011"]
[Site "La Zubia ESP"]
[Date "2011.12.04"]
[Round "2.4"]
[White "Lopez Rubio, Yeray"]
[Black "Soto Febrer, Francisco Jose"]
[Result "0-1"]
[WhiteElo "1167"]
[BlackElo "1706"]
[PlyCount "56"]
[EventDate "2011.12.03"]
[EventType "swiss"]
[EventRounds "6"]
[EventCountry "ESP"]
[Source "lmi"]
[SourceDate "2011.12.03"]

1. d4 Nf6 2. Nf3 g6 3. Bf4 Bg7 4. Nbd2 O-O 5. e4 d6 6. Bd3 Nbd7 7. O-O Nh5 8.
Be3 e5 9. d5 b6 10. c3 Nc5 11. Be2 Nf6 12. b4 Ncxe4 13. Nxe4 Nxe4 14. Qc2 f5
15. Nd2 Nf6 16. Nb3 Nxd5 17. Bc4 Be6 18. Qd2 Nf4 19. Bxe6+ Nxe6 20. Qd5 Qf6 21.
Rfe1 Kh8 22. Nd4 Nxd4 23. cxd4 exd4 24. Bc1 Rae8 25. Bb2 Re5 26. Qb7 Rfe8 27.
Rxe5 Qxe5 28. Kf1 Qe2+ 0-1

[Event "I Torneo lento Villa de La Zubia 2011"]
[Site "La Zubia ESP"]
[Date "2011.12.04"]
[Round "2.5"]
[White "Ramirez Morales, Eduardo"]
[Black "Canton Parraga, Emilio"]
[Result "1-0"]
[WhiteElo "1608"]
[BlackElo "1609"]
[PlyCount "85"]
[EventDate "2011.12.03"]
[EventType "swiss"]
[EventRounds "6"]
[EventCountry "ESP"]
[Source "lmi"]
[SourceDate "2011.12.03"]

1. e4 e5 2. Nf3 Nc6 3. Bc4 Bc5 4. c3 Nf6 5. d3 O-O 6. O-O b6 7. Nbd2 Be7 8. Re1
Bb7 9. Bb3 d6 10. Nf1 Na5 11. Bc2 c5 12. Ng3 Re8 13. Nf5 Nc6 14. Bg5 Bc8 15.
Ba4 Bd7 16. Bxf6 Bxf6 17. Nxd6 Rf8 18. Nc4 Qc7 19. Ne3 Be6 20. Bb3 Qd7 21. Bxe6
Qxe6 22. Nd5 Rad8 23. Qa4 Rd7 24. Rad1 Rfd8 25. h3 Ne7 26. Nxf6+ Qxf6 27. Re3
Ng6 28. g3 h5 29. h4 Nf8 30. Ng5 Qh6 31. Rf3 Nh7 32. Nxh7 Kxh7 33. Qc4 f6 34.
Qe6 Rd6 35. Qf5+ g6 36. Qh3 c4 37. d4 exd4 38. cxd4 Rxd4 39. Rxd4 Rxd4 40. Rxf6
Qc1+ 41. Kg2 Qxb2 42. Qe6 Rd8 43. Qe7+ 1-0

[Event "I Torneo lento Villa de La Zubia 2011"]
[Site "La Zubia ESP"]
[Date "2011.12.04"]
[Round "2.6"]
[White "Ortiz Gomez, Jose Manuel"]
[Black "Cabrera Espinosa, Jose Antonio"]
[Result "1-0"]
[WhiteElo "1315"]
[BlackElo "1339"]
[PlyCount "55"]
[EventDate "2011.12.03"]
[EventType "swiss"]
[EventRounds "6"]
[EventCountry "ESP"]
[Source "lmi"]
[SourceDate "2011.12.03"]

1. e4 e5 2. Nf3 Bc5 3. Bc4 Nf6 4. Nc3 c6 5. O-O d5 6. exd5 cxd5 7. Bb5+ Bd7 8.
Qe2 e4 9. d3 d4 10. Bxd7+ Qxd7 11. Nxe4 O-O 12. Nxc5 Qc6 13. Nb3 Re8 14. Qd1
Nd5 15. Nbxd4 Qc8 16. Bd2 Nd7 17. Nf5 Qc6 18. c4 N5f6 19. Bc3 Nh5 20. N3d4 Qg6
21. Ng3 Nf4 22. Qf3 Nxd3 23. Ndf5 N7c5 24. b4 Ne5 25. Bxe5 Rxe5 26. bxc5 Rxc5
27. Qxb7 Rac8 28. Ne7+ 1-0

[Event "I Torneo lento Villa de La Zubia 2011"]
[Site "La Zubia ESP"]
[Date "2011.12.04"]
[Round "3.1"]
[White "Bueno Jimenez, David"]
[Black "Jimenez Melguizo, Miguel"]
[Result "1/2-1/2"]
[WhiteElo "1907"]
[BlackElo "1950"]
[PlyCount "95"]
[EventDate "2011.12.03"]
[EventType "swiss"]
[EventRounds "6"]
[EventCountry "ESP"]
[Source "lmi"]
[SourceDate "2011.12.03"]

1. d4 Nf6 2. c4 e6 3. Nc3 Bb4 4. Qc2 d5 5. a3 Bxc3+ 6. Qxc3 Ne4 7. Qc2 O-O 8.
Nf3 Nd7 9. cxd5 exd5 10. Bf4 c5 11. dxc5 Ndxc5 12. e3 Bd7 13. b4 Ba4 14. Qb2
Nb3 15. Rb1 Rc8 16. Be5 f6 17. Bd4 Nbd2 18. Nxd2 Rc2 19. Nxe4 Rxb2 20. Nxf6+
Rxf6 21. Bxb2 Rc6 22. Bd3 Bc2 23. Bxc2 Rxc2 24. O-O Qc7 25. Rbc1 Qc4 26. Rxc2
Qxc2 27. Bd4 b6 28. h3 g6 29. Ra1 Kf7 30. a4 a5 31. b5 Qc7 32. g3 Ke6 33. Kg2
Kf5 34. Ra3 Qc2 35. Bxb6 Ke4 36. Bd4 Qe2 37. Ra1 Qf3+ 38. Kg1 h5 39. b6 h4 40.
g4 Qxh3 41. f4 Qxg4+ 42. Kh1 Qh3+ 43. Kg1 Qg3+ 44. Kh1 h3 45. Ra2 Kf3 46. b7
Qe1+ 47. Kh2 Qg3+ 48. Kh1 1/2-1/2

[Event "I Torneo lento Villa de La Zubia 2011"]
[Site "La Zubia ESP"]
[Date "2011.12.04"]
[Round "3.2"]
[White "Soto Febrer, Francisco Jose"]
[Black "Ortiz Del Campo, David"]
[Result "1-0"]
[WhiteElo "1706"]
[BlackElo "1244"]
[PlyCount "91"]
[EventDate "2011.12.03"]
[EventType "swiss"]
[EventRounds "6"]
[EventCountry "ESP"]
[Source "lmi"]
[SourceDate "2011.12.03"]

1. e4 e5 2. Nf3 Nc6 3. Bb5 Nge7 4. O-O d6 5. c3 Bd7 6. d4 exd4 7. cxd4 Ng6 8.
Nc3 Be7 9. Nd5 O-O 10. Nxe7+ Ncxe7 11. Bc4 Bc6 12. d5 Bd7 13. Bg5 Bg4 14. h3
Bxf3 15. Qxf3 Ne5 16. Qe2 Qd7 17. Bb3 h6 18. Bd2 N7g6 19. f4 Nxf4 20. Bxf4 Ng6
21. Bd2 a6 22. Rac1 Rae8 23. Qc4 Re7 24. Bc3 Rfe8 25. Bc2 Ne5 26. Bxe5 Rxe5 27.
Bd3 Rg5 28. Rf3 Re7 29. Bb1 Qe8 30. Qb4 c5 31. dxc6 bxc6 32. Qxd6 Re6 33. Qd3
Rge5 34. Qxa6 c5 35. Qc4 Qe7 36. Rcf1 Qc7 37. a3 Qe7 38. Qa4 f6 39. Ba2 c4 40.
Qxc4 Kh7 41. Bb1 Rc5 42. Qd3 Rce5 43. Rf5 Rxe4 44. Qf3 Re1 45. Rxf6+ Kg8 46.
Rf8+ 1-0

[Event "I Torneo lento Villa de La Zubia 2011"]
[Site "La Zubia ESP"]
[Date "2011.12.04"]
[Round "3.3"]
[White "Munoz Berenguer, Miguel"]
[Black "Ramirez Morales, Eduardo"]
[Result "1/2-1/2"]
[WhiteElo "1591"]
[BlackElo "1608"]
[PlyCount "64"]
[EventDate "2011.12.03"]
[EventType "swiss"]
[EventRounds "6"]
[EventCountry "ESP"]
[Source "lmi"]
[SourceDate "2011.12.03"]

1. Nf3 c5 2. g3 Nc6 3. Bg2 g6 4. O-O Bg7 5. d3 d6 6. Nbd2 e6 7. e4 Nge7 8. Re1
Qc7 9. c3 b6 10. Nf1 Ba6 11. d4 cxd4 12. cxd4 d5 13. Bf4 Qd7 14. exd5 Nxd5 15.
Ne5 Nxe5 16. Bxe5 O-O 17. Bxg7 Kxg7 18. Qd2 Bb7 19. Ne3 Nf6 20. Bxb7 Qxb7 21.
Qe2 Rfd8 22. Rad1 Rd7 23. Rd3 Rad8 24. Red1 Qa6 25. b3 Nd5 26. Nxd5 Rxd5 27. f4
Rc8 28. Kf2 Rh5 29. h4 Ra5 30. R3d2 Qxe2+ 31. Rxe2 Rd5 32. Rd3 h5 1/2-1/2

[Event "I Torneo lento Villa de La Zubia 2011"]
[Site "La Zubia ESP"]
[Date "2011.12.04"]
[Round "3.4"]
[White "Rojas Guerrero, Luis"]
[Black "Ortiz Gomez, Jose Manuel"]
[Result "1-0"]
[WhiteElo "1697"]
[BlackElo "1315"]
[PlyCount "97"]
[EventDate "2011.12.03"]
[EventType "swiss"]
[EventRounds "6"]
[EventCountry "ESP"]
[Source "lmi"]
[SourceDate "2011.12.03"]

1. d4 d5 2. c4 e6 3. Nc3 Nf6 4. Nf3 Bb4 5. Bg5 h6 6. Bh4 g5 7. Bg3 Ne4 8. Qc2
f5 9. e3 Nc6 10. cxd5 exd5 11. Bb5 Nxg3 12. hxg3 Bd7 13. O-O Ne7 14. Bxd7+ Qxd7
15. Ne5 Qd8 16. Qa4+ c6 17. Qxb4 b6 18. Rac1 Rc8 19. Qa4 Rc7 20. b4 O-O 21. Qb3
Kg7 22. a4 Rf6 23. b5 h5 24. Nxc6 Nxc6 25. bxc6 Rfxc6 26. Ne2 Qd7 27. Rc3 Rh6
28. Rxc7 Qxc7 29. Qxd5 Rf6 30. Qe5 Qf7 31. Rc1 Kg6 32. Rc7 Qf8 33. Nc3 Rf7 34.
Rxf7 Qxf7 35. Nd5 g4 36. Ne7+ Kg5 37. Qf4+ Kf6 38. Nxf5 Kg6 39. Nh4+ Kg7 40.
Qg5+ Kf8 41. Ng6+ Ke8 42. Qxh5 Kd8 43. Qh8+ Kc7 44. Qh5 Qd7 45. Ne5 Qxa4 46.
Qxg4 b5 47. Qd7+ Kb6 48. Qc6+ Ka5 49. g4 1-0

[Event "I Torneo lento Villa de La Zubia 2011"]
[Site "La Zubia ESP"]
[Date "2011.12.04"]
[Round "3.6"]
[White "Ruiz Moreno, Rafael"]
[Black "Lopez Rubio, Yeray"]
[Result "1-0"]
[WhiteElo "1838"]
[BlackElo "1167"]
[PlyCount "94"]
[EventDate "2011.12.03"]
[EventType "swiss"]
[EventRounds "6"]
[EventCountry "ESP"]
[Source "lmi"]
[SourceDate "2011.12.03"]

1. e4 e5 2. Nf3 Nc6 3. Bc4 Bc5 4. c3 Nge7 5. O-O O-O 6. d4 exd4 7. cxd4 Bb6 8.
Nc3 d6 9. Be3 Nb8 10. Qd2 c6 11. Bg5 d5 12. exd5 cxd5 13. Nxd5 Nbc6 14. Rfe1
Be6 15. Rxe6 fxe6 16. Nxe7+ Nxe7 17. Bxe6+ Kh8 18. Ne5 Bxd4 19. Nf7+ Rxf7 20.
Bxf7 h6 21. Bxh6 Bxf2+ 22. Kxf2 Qf8 23. Qf4 gxh6 24. Qf6+ Qg7 25. Qxe7 Rf8 26.
Kg1 Rxf7 27. Qd8+ Rf8 28. Qd2 Rf6 29. Re1 Rf8 30. Re6 Rf6 31. Re8+ Rf8 32.
Rxf8+ Qxf8 33. Qd4+ Qg7 34. Qxg7+ Kxg7 35. Kf2 Kf6 36. Kf3 h5 37. Kf4 Kg6 38.
g4 h4 39. g5 h3 40. b4 a6 41. a4 b5 42. axb5 axb5 43. Kg4 Kg7 44. Kxh3 Kh7 45.
Kg4 Kg7 46. h4 Kh7 47. Kf5 Kg7 1-0

[Event "I Torneo lento Villa de La Zubia 2011"]
[Site "La Zubia ESP"]
[Date "2011.12.06"]
[Round "4.1"]
[White "Jimenez Melguizo, Miguel"]
[Black "Soto Febrer, Francisco Jose"]
[Result "1-0"]
[WhiteElo "1950"]
[BlackElo "1706"]
[PlyCount "49"]
[EventDate "2011.12.03"]
[EventType "swiss"]
[EventRounds "6"]
[EventCountry "ESP"]
[Source "lmi"]
[SourceDate "2011.12.03"]

1. d4 Nf6 2. Nf3 g6 3. Bf4 Bg7 4. e3 d6 5. h3 O-O 6. Be2 Nbd7 7. Nbd2 c5 8. c3
cxd4 9. cxd4 Qb6 10. O-O Nd5 11. Bh2 Nb8 12. Nc4 Qd8 13. Qb3 h6 14. Nxd6 Nxe3
15. Nxf7 Qd5 16. fxe3 Qxb3 17. axb3 Rxf7 18. Bc4 e6 19. d5 Bxb2 20. Ra2 Bc3 21.
dxe6 Re7 22. Bd6 Re8 23. e7+ Kg7 24. Nd4 Nc6 25. Rf7+ 1-0

[Event "I Torneo lento Villa de La Zubia 2011"]
[Site "La Zubia ESP"]
[Date "2011.12.06"]
[Round "4.2"]
[White "Ramirez Morales, Eduardo"]
[Black "Bueno Jimenez, David"]
[Result "1/2-1/2"]
[WhiteElo "1608"]
[BlackElo "1907"]
[PlyCount "64"]
[EventDate "2011.12.03"]
[EventType "swiss"]
[EventRounds "6"]
[EventCountry "ESP"]
[Source "lmi"]
[SourceDate "2011.12.03"]

1. e4 c5 2. Nc3 Nc6 3. g3 g6 4. Bg2 Bg7 5. d3 e6 6. f4 Nge7 7. Nf3 O-O 8. O-O
d6 9. Be3 a6 10. d4 cxd4 11. Nxd4 Qb6 12. Na4 Bxd4 13. Nxb6 Bxe3+ 14. Kh1 Bxb6
15. Qxd6 Bd4 16. c3 Rd8 17. Qa3 Ba7 18. Rad1 Bd7 19. Rd3 Be8 20. Rfd1 Rxd3 21.
Rxd3 Rc8 22. b3 f6 23. Qb2 Kf7 24. Bh3 f5 25. exf5 exf5 26. c4 Nb4 27. Rd6 Bc6+
28. Bg2 Bxg2+ 29. Kxg2 Nbc6 30. Qf6+ Kg8 31. Rd7 Bc5 32. Qe6+ Kf8 1/2-1/2

[Event "I Torneo lento Villa de La Zubia 2011"]
[Site "La Zubia ESP"]
[Date "2011.12.06"]
[Round "4.3"]
[White "Canete Lopez, Jose"]
[Black "Rojas Guerrero, Luis"]
[Result "0-1"]
[WhiteElo "1377"]
[BlackElo "1697"]
[PlyCount "68"]
[EventDate "2011.12.03"]
[EventType "swiss"]
[EventRounds "6"]
[EventCountry "ESP"]
[Source "lmi"]
[SourceDate "2011.12.03"]

1. e4 d6 2. d4 Nf6 3. Nc3 g6 4. Bg5 Bg7 5. Qd2 c6 6. Bh6 Bxh6 7. Qxh6 Qa5 8.
Bd3 Na6 9. a3 Nc7 10. b4 Qb6 11. Nf3 Ne6 12. Na4 Qc7 13. Qd2 b5 14. Nc3 Nh5 15.
Ng5 Nxd4 16. Ne2 Qb6 17. Qc3 e5 18. Qb2 Nxe2 19. Bxe2 Nf4 20. Bf3 f6 21. Rd1
Ke7 22. g3 fxg5 23. gxf4 gxf4 24. c3 Be6 25. Be2 a5 26. f3 axb4 27. Qxb4 Qc5
28. Qxc5 dxc5 29. Ra1 Ra7 30. O-O Rha8 31. Rac1 Rxa3 32. c4 Re3 33. Kf2 Ra2 34.
cxb5 Rexe2+ 0-1

[Event "I Torneo lento Villa de La Zubia 2011"]
[Site "La Zubia ESP"]
[Date "2011.12.06"]
[Round "4.4"]
[White "Ortiz Del Campo, David"]
[Black "Munoz Berenguer, Miguel"]
[Result "0-1"]
[WhiteElo "1244"]
[BlackElo "1591"]
[PlyCount "120"]
[EventDate "2011.12.03"]
[EventType "swiss"]
[EventRounds "6"]
[EventCountry "ESP"]
[Source "lmi"]
[SourceDate "2011.12.03"]

1. e4 c5 2. Nc3 d6 3. Bc4 Nf6 4. d3 g6 5. Nf3 Nc6 6. O-O Bg7 7. Be3 O-O 8. Qd2
a6 9. h3 Na5 10. Bh6 Nxc4 11. dxc4 Bd7 12. Bxg7 Kxg7 13. Qe3 b5 14. cxb5 axb5
15. Nd5 Nxd5 16. exd5 e6 17. dxe6 fxe6 18. Rfd1 Qc7 19. Qg5 Bc6 20. Rd3 Bxf3
21. Rxf3 Rxf3 22. gxf3 Rf8 23. Kg2 Rf5 24. Qg3 Qd8 25. h4 d5 26. Re1 Qe7 27. a3
e5 28. Qg4 Qf6 29. Qg3 Rf4 30. Re2 e4 31. fxe4 dxe4 32. c3 Qxh4 33. Qxh4 Rxh4
34. Kg3 g5 35. Rd2 h5 36. Rd5 Rg4+ 37. Kh2 b4 38. Rxc5 bxa3 39. bxa3 Kf6 40. a4
e3 41. fxe3 Rxa4 42. c4 Ra6 43. Rb5 Re6 44. Rb3 Rc6 45. Rc3 Rc5 46. Kg2 Kf5 47.
Kf3 Ke5 48. Kg3 Ke4 49. Kf2 h4 50. Kg2 g4 51. Kh2 Kf3 52. Kh1 g3 53. Kg1 h3 54.
e4+ Kf4 55. Kh1 Ra5 56. Rc1 Rc5 57. Rc3 Ra5 58. Rc1 Kxe4 59. c5 Ra2 60. Rg1
Rh2# 0-1

[Event "I Torneo lento Villa de La Zubia 2011"]
[Site "La Zubia ESP"]
[Date "2011.12.06"]
[Round "4.5"]
[White "Canton Parraga, Emilio"]
[Black "Ruiz Moreno, Rafael"]
[Result "1-0"]
[WhiteElo "1609"]
[BlackElo "1838"]
[PlyCount "65"]
[EventDate "2011.12.03"]
[EventType "swiss"]
[EventRounds "6"]
[EventCountry "ESP"]
[Source "lmi"]
[SourceDate "2011.12.03"]

1. e4 c5 2. Nf3 d6 3. d4 cxd4 4. Nxd4 Nf6 5. Nc3 g6 6. Be3 Bg7 7. Qd2 Nc6 8. f3
O-O 9. h4 h5 10. Be2 Ne5 11. O-O-O Bd7 12. Kb1 Rc8 13. Rhg1 Nc4 14. Bxc4 Rxc4
15. Qe2 Qc8 16. Bc1 Ng4 17. Nd5 Re8 18. Nb3 e6 19. Ne3 Nxe3 20. Bxe3 Bb5 21.
Qd2 Ba4 22. g4 hxg4 23. Rxg4 Re7 24. h5 Rec7 25. hxg6 Rxc2 26. gxf7+ Kf8 27.
Qxd6+ Kxf7 28. Rxg7+ Kxg7 29. Rg1+ Kf7 30. Qf4+ Ke7 31. Rg7+ Kd8 32. Qf8+ Be8
33. Bg5+ 1-0

[Event "I Torneo lento Villa de La Zubia 2011"]
[Site "La Zubia ESP"]
[Date "2011.12.06"]
[Round "5.1"]
[White "Munoz Berenguer, Miguel"]
[Black "Jimenez Melguizo, Miguel"]
[Result "0-1"]
[WhiteElo "1591"]
[BlackElo "1950"]
[PlyCount "82"]
[EventDate "2011.12.03"]
[EventType "swiss"]
[EventRounds "6"]
[EventCountry "ESP"]
[Source "lmi"]
[SourceDate "2011.12.03"]

1. Nf3 c5 2. g3 Nf6 3. Bg2 e6 4. O-O Nc6 5. d3 d5 6. Nbd2 Be7 7. e4 dxe4 8.
dxe4 e5 9. c3 O-O 10. Re1 h6 11. Nc4 Qc7 12. Qc2 Be6 13. Ne3 Rfd8 14. Bd2 Bf8
15. Red1 c4 16. Be1 Na5 17. Rd2 b5 18. Rad1 Rxd2 19. Rxd2 Nb7 20. b4 cxb3 21.
axb3 a5 22. Nd5 Bxd5 23. exd5 a4 24. bxa4 bxa4 25. Rd1 Bd6 26. c4 Nd7 27. Bf1
Nbc5 28. Bb4 Rb8 29. Bxc5 Nxc5 30. Rb1 Rxb1 31. Qxb1 Qb7 32. Qxb7 Nxb7 33. Bd3
Nc5 34. Bc2 a3 35. Bb1 Nb3 36. Ne1 Nc1 37. Be4 a2 38. Nc2 Nb3 39. Kg2 a1=Q 40.
Nxa1 Nxa1 41. Bf3 Nb3 0-1

[Event "I Torneo lento Villa de La Zubia 2011"]
[Site "La Zubia ESP"]
[Date "2011.12.06"]
[Round "5.2"]
[White "Rojas Guerrero, Luis"]
[Black "Ramirez Morales, Eduardo"]
[Result "1-0"]
[WhiteElo "1697"]
[BlackElo "1608"]
[PlyCount "71"]
[EventDate "2011.12.03"]
[EventType "swiss"]
[EventRounds "6"]
[EventCountry "ESP"]
[Source "lmi"]
[SourceDate "2011.12.03"]

1. d4 Nf6 2. c4 g6 3. Nc3 Bg7 4. e4 d6 5. Be2 O-O 6. Nf3 e5 7. O-O Nc6 8. d5
Ne7 9. b4 a5 10. bxa5 Rxa5 11. Nd2 Nd7 12. Nb3 Ra8 13. Be3 b6 14. Qd2 f5 15. f3
f4 16. Bf2 Nf6 17. a4 g5 18. a5 bxa5 19. Nxa5 Bd7 20. c5 h5 21. Rfb1 g4 22. Nb7
Qc8 23. Rxa8 Qxa8 24. cxd6 cxd6 25. Nxd6 Qa3 26. Ndb5 Qa5 27. Qa2 Qd8 28. d6+
Kh8 29. dxe7 Qxe7 30. Nd5 Qf7 31. Nd6 Qg6 32. Ne7 Qg5 33. Nf7+ Rxf7 34. Qxf7
gxf3 35. Bxf3 Bh3 36. Bh4 1-0

[Event "I Torneo lento Villa de La Zubia 2011"]
[Site "La Zubia ESP"]
[Date "2011.12.06"]
[Round "5.3"]
[White "Soto Febrer, Francisco Jose"]
[Black "Bueno Jimenez, David"]
[Result "0-1"]
[WhiteElo "1706"]
[BlackElo "1907"]
[PlyCount "86"]
[EventDate "2011.12.03"]
[EventType "swiss"]
[EventRounds "6"]
[EventCountry "ESP"]
[Source "lmi"]
[SourceDate "2011.12.03"]

1. e4 c5 2. Nf3 d6 3. d4 cxd4 4. Nxd4 Nf6 5. Nc3 a6 6. f4 e5 7. Nf3 Qc7 8. Be2
Be7 9. Be3 Nbd7 10. fxe5 dxe5 11. h3 b5 12. O-O Bb7 13. Nd5 Nxd5 14. exd5 Nf6
15. a4 Nxd5 16. Bg5 e4 17. Bxe7 exf3 18. Bd6 Qxd6 19. Bxf3 O-O 20. Qd4 Rad8 21.
Rad1 Ba8 22. a5 Qf4 23. Qxf4 Nxf4 24. Rxd8 Rxd8 25. Bxa8 Nxh3+ 26. gxh3 Rxa8
27. b4 Rc8 28. Rd1 g6 29. Rd6 Rxc2 30. Rxa6 Rb2 31. Ra8+ Kg7 32. a6 Rxb4 33.
Kf2 Ra4 34. a7 f5 35. Ke3 Kh6 36. Kf3 Kg5 37. Kg3 Ra3+ 38. Kg2 Kh4 39. Kh2 Ra2+
40. Kg1 Kg3 41. Kf1 Kxh3 42. Kg1 Kg3 43. Kf1 f4 0-1

[Event "I Torneo lento Villa de La Zubia 2011"]
[Site "La Zubia ESP"]
[Date "2011.12.06"]
[Round "5.5"]
[White "Ruiz Moreno, Rafael"]
[Black "Ortiz Del Campo, David"]
[Result "1-0"]
[WhiteElo "1838"]
[BlackElo "1244"]
[PlyCount "133"]
[EventDate "2011.12.03"]
[EventType "swiss"]
[EventRounds "6"]
[EventCountry "ESP"]
[Source "lmi"]
[SourceDate "2011.12.03"]

1. e4 e5 2. Nf3 Nc6 3. Bc4 Bc5 4. c3 Nf6 5. d3 d6 6. O-O O-O 7. Nbd2 Bd7 8. Bb3
Qe7 9. Re1 a6 10. Nf1 h6 11. Ng3 Bg4 12. h3 Bd7 13. Nh4 Qd8 14. Qf3 Ne7 15.
Bxh6 gxh6 16. Qxf6 Ng6 17. Qxg6+ Kh8 18. Nhf5 fxg6 19. Nxh6 Bxf2+ 20. Kh1 Bxg3
21. Rf1 Rf2 22. Rxf2 Qe7 23. Rf3 Bf4 24. Nf7+ Kg7 25. d4 Be8 26. dxe5 dxe5 27.
g3 Bxg3 28. Rxg3 Bxf7 29. Rag1 Qf6 30. Bd1 Kh6 31. Rf3 Qg7 32. Rgf1 Bc4 33.
R1f2 Rd8 34. Bc2 Rd7 35. b3 Be6 36. Rg3 Rf7 37. Rfg2 Rf6 38. Bd3 Qf7 39. Kh2
Rf2 40. Rxg6+ Qxg6 41. Rxf2 Kg7 42. Rg2 Qxg2+ 43. Kxg2 Kh6 44. Kg3 Kh5 45. Be2+
Kh6 46. Bg4 Bf7 47. Bc8 b6 48. Bxa6 Bg6 49. Bd3 Kg5 50. h4+ Kh5 51. Be2+ Kh6
52. Bf3 Bf7 53. Bg4 c5 54. Bd1 Bg6 55. Bc2 Bf7 56. a4 c4 57. b4 Be8 58. a5 bxa5
59. bxa5 Bc6 60. a6 Ba8 61. a7 Bc6 62. Kg4 Bd7+ 63. Kf3 Bc6 64. Ba4 Bb7 65. Bb5
Kh5 66. Bxc4 Kxh4 67. Bd5 1-0

[Event "I Torneo lento Villa de La Zubia 2011"]
[Site "La Zubia ESP"]
[Date "2011.12.06"]
[Round "5.6"]
[White "Lopez Rubio, Yeray"]
[Black "Cabrera Espinosa, Jose Antonio"]
[Result "1-0"]
[WhiteElo "1167"]
[BlackElo "1339"]
[PlyCount "83"]
[EventDate "2011.12.03"]
[EventType "swiss"]
[EventRounds "6"]
[EventCountry "ESP"]
[Source "lmi"]
[SourceDate "2011.12.03"]

1. d4 Nf6 2. Nc3 d5 3. Nf3 Bf5 4. Bf4 Nh5 5. Bd2 Nc6 6. e3 Nb4 7. Rc1 Bg4 8.
Be2 Nf6 9. O-O e6 10. a3 Nc6 11. Ne5 Bxe2 12. Qxe2 Nxe5 13. dxe5 Ne4 14. Nxe4
dxe4 15. Rcd1 Qg5 16. Qb5+ c6 17. Qxb7 Rd8 18. Qxc6+ Rd7 19. Bb4 Qd8 20. Qb5
Bxb4 21. axb4 Ke7 22. Rd4 Qc8 23. Rc4 Qb7 24. Qxb7 Rxb7 25. Rxe4 Rd8 26. c3 Rd2
27. Rb1 Rbd7 28. Rd4 Ke8 29. Kf1 g6 30. Ke1 Rc2 31. Rxd7 Kxd7 32. Ra1 Ke8 33.
Rxa7 Rxb2 34. g3 Kf8 35. Kf1 h5 36. Kg2 Rd2 37. c4 g5 38. b5 Rc2 39. b6 h4 40.
b7 g4 41. b8=Q+ Kg7 42. gxh4 1-0